Red States with Democratic Senators - Statistics

General Stats
  • This quiz has been taken 48 times
  • The average score is 8 of 9
Answer Stats
State % Correct
Arizona
100%
Michigan
97%
Pennsylvania
97%
Wisconsin
97%
Nevada
94%
Georgia
91%
Ohio
89%
Montana
77%
West Virginia
71%
No matching quizzes found
Score Distribution
Percent of People with Each Score
Percentile by Number Answered
Your Score History
You have not taken this quiz